[Event "Pavlodar op"]
[Site "Pavlodar"]
[Date "2013.12.16"]
[Round "7"]
[White "Minakhanov, Ayaz"]
[Black "Baimurzin, Aitkazy"]
[Result "1-0"]
[WhiteElo "1796"]
[BlackElo "2112"]
[PlyCount "82"]
[EventDate "2013.12.10"]
[EventType "swiss"]
[EventRounds "10"]
[EventCountry "KAZ"]
[SourceTitle "CBM 158 Extra"]
[Source "ChessBase"]
[SourceDate "2014.02.28"]
[SourceVersion "1"]
[SourceVersionDate "2014.02.28"]
[SourceQuality "1"]

1. e4 c5 2. Nf3 a6 3. c3 b5 4. d4 Bb7 5. d5 Nf6 6. Bd3 d6 7. 0-0 g6 8. a4 Nbd7 9. Bg5 c4 10. Bc2 Bg7 11. Nd4 bxa4 12. Nd2 0-0 13. Rxa4 Nb6 14. Ra2 Qc7 15. f4 Rfe8 16. f5 Nbd7 17. Ba4 Rec8 18. Bxd7 Qxd7 19. Qa4 Qc7 20. Qa5 Qd7 21. Qa4 Qd8 22. Qa5 Qf8 23. Ra4 Rc5 24. Qb4 Rb8 25. Qa3 Qc8 26. Qa2 Qc7 27. Bxf6 Bxf6 28. Nxc4 Qd8 29. Na5 Qb6 30. Nc4 Qd8 31. Ne3 Rcc8 32. Ng4 Bg7 33. Qb1 a5 34. Qd3 Qb6 35. Rf2 Ba6 36. Qf3 Rf8 37. f6 exf6 38. Nxf6+ Bxf6 39. Qxf6 Bb5 40. Ra3 a4 41. c4 Bxc4 1-0

[Event "Pavlodar op"]
[Site "Pavlodar"]
[Date "2013.12.13"]
[Round "5"]
[White "Minakhanov, Ayaz"]
[Black "Tsepennikova, Tatyana"]
[Result "1-0"]
[WhiteElo "1796"]
[BlackElo "2102"]
[PlyCount "71"]
[EventDate "2013.12.10"]
[EventType "swiss"]
[EventRounds "10"]
[EventCountry "KAZ"]
[SourceTitle "CBM 158 Extra"]
[Source "ChessBase"]
[SourceDate "2014.02.28"]
[SourceVersion "1"]
[SourceVersionDate "2014.02.28"]
[SourceQuality "1"]

1. e4 c6 2. d4 d5 3. e5 Bf5 4. Be3 e6 5. Nd2 Nd7 6. Ngf3 Ne7 7. Be2 Bg4 8. h3 Bh5 9. 0-0 Bg6 10. Nh4 c5 11. c3 Nc6 12. Nxg6 hxg6 13. f4 Qb6 14. Qb3 c4 15. Qc2 Qc7 16. b3 b5 17. a4 cxb3 18. Qxb3 bxa4 19. Qxa4 Nb6 20. Qa6 Be7 21. c4 dxc4 22. Nxc4 Nxc4 23. Qxc4 Qd7 24. Bf3 Rc8 25. Rfc1 0-0 26. Bxc6 Qc7 27. Qa6 Qd8 28. Bb7 Rb8 29. Rab1 g5 30. Qxa7 gxf4 31. Bxf4 Bg5 32. Bxg5 Qxg5 33. Qa3 Rfd8 34. Be4 Qd2 35. Qc3 Qf4 36. Rxb8 1-0

[Event "Pavlodar op"]
[Site "Pavlodar"]
[Date "2013.12.11"]
[Round "2"]
[White "Rakhimberdiyev, Atalyk"]
[Black "Minakhanov, Ayaz"]
[Result "1-0"]
[WhiteElo "2081"]
[BlackElo "1796"]
[PlyCount "73"]
[EventDate "2013.12.10"]
[EventType "swiss"]
[EventRounds "10"]
[EventCountry "KAZ"]
[SourceTitle "CBM 158 Extra"]
[Source "ChessBase"]
[SourceDate "2014.02.28"]
[SourceVersion "1"]
[SourceVersionDate "2014.02.28"]
[SourceQuality "1"]

1. e4 e5 2. Nf3 Nc6 3. Bb5 Nf6 4. d3 d6 5. c3 Be7 6. Nbd2 0-0 7. d4 exd4 8. cxd4 Bg4 9. Bxc6 bxc6 10. Qc2 Qd7 11. 0-0 Rfe8 12. Re1 Bf8 13. Re3 Rab8 14. b3 Rb5 15. Bb2 Rh5 16. Rc1 c5 17. Qd3 cxd4 18. Bxd4 c5 19. Bb2 Be6 20. Qe2 Ng4 21. Rd3 Qc8 22. h3 Nf6 23. Bxf6 gxf6 24. Nd4 Rh6 25. Qf3 Rg6 26. Nf5 d5 27. Nh4 dxe4 28. Nxe4 f5 29. Nd6 Bxd6 30. Nxg6 Qc7 31. Nh4 Bf4 32. Re1 Kg7 33. Rdd1 Kf6 34. g3 Be5 35. Nxf5 Bxf5 36. g4 Rg8 37. Qxf5+ 1-0